LEADER 05190nam 22006732 450 001 9910458898103321 005 20160429113020.0 010 $a1-107-21423-8 010 $a0-511-85266-5 010 $a1-282-91873-7 010 $a9786612918735 010 $a0-511-93148-4 010 $a0-511-92763-0 010 $a0-511-93282-0 010 $a0-511-92509-3 010 $a0-511-76160-0 010 $a0-511-93014-3 035 $a(CKB)2670000000058235 035 $a(EBL)604988 035 $a(OCoLC)689997240 035 $a(SSID)ssj0000437196 035 $a(PQKBManifestationID)11261017 035 $a(PQKBTitleCode)TC0000437196 035 $a(PQKBWorkID)10429651 035 $a(PQKB)10538485 035 $a(UkCbUP)CR9780511761607 035 $a(MiAaPQ)EBC604988 035 $a(Au-PeEL)EBL604988 035 $a(CaPaEBR)ebr10432416 035 $a(CaONFJC)MIL291873 035 $a(EXLCZ)992670000000058235 100 $a20100506d2011|||| uy| 0 101 0 $aeng 135 $aur||||||||||| 181 $ctxt$2rdacontent 182 $cc$2rdamedia 183 $acr$2rdacarrier 200 00$aGlobal outsourcing and offshoring $ean integrated approach to theory and corporate strategy /$fedited by Farok J. Contractor [and three others]$b[electronic resource] 210 1$aCambridge :$cCambridge University Press,$d2011. 215 $a1 online resource (xxviii, 464 pages) $cdigital, PDF file(s) 300 $aTitle from publisher's bibliographic system (viewed on 24 Feb 2016). 311 $a1-107-40614-5 311 $a0-521-19353-2 320 $aIncludes bibliographical references and index. 327 $aGlobal outsourcing and offshoring: in search of the optimal configuration for a company / Farok J. Contractor, Vikas Kumar, Torben Pedersen and Sumit Kundu -- Globalization of R & D: offshoring innovative activity to emerging economies / Ashok Bardhan and Dwight Jaffee -- A theory of the outsourcing firm / Dave Luvison and Mike Bendixen -- Blurring firm R & D boundaries: integrating transaction costs and knowledge-based perspectives / Andrea Martinez-Noya and Esteban Garcia-Canal -- Outsourcing, fragmentation and integration: the pharmaceutical industry / Janis K. Kapler and Kimberly A. Puhala -- Towards a better understanding of multinational enterprises' R & D location choices Ana Colovic -- Does R & D offshoring displace or strengthen knowledge production at home? Evidence from OECD countries / Lucia Piscitello and Grazia D. Santangelo -- Innovation across firm boundaries: a knowledge based view / Salma Alguezaui and Raffaele Filieri -- Suitable organization forms for knowledge management at various R & D functions in decentralized and cooperative R & D networks / Hsing Hung Chen -- Changing work practices: acceptance of virtual work among knowledge professionals engaged in offshoring activities / Elisa Mattarelli and Maria Rita Tagliaventi -- Managing globally disaggregated teams: the role of organizational politics / Shahzad M. Ansari, Jatinder S. Sidhu, Henk W. Volberda and Ilan Oshri -- Offshoring of high-value functions: a case study of US-India trade in medical transcription services / Nir Kshetri and Nikhilesh Dholakia -- Offshoring of IT and business, professional and technical services: the recent experience of the United States Thomas J. Norman and Mahmood A. Zaidi -- Outsourcing human resource activities / Thomas J. Norman -- Managing core outsourcing to address fast market growth: a study of an Indian mobile telecom service provider / Raghunath Subramanyam -- Imitative offshoring strategies: lessons learnt from Italian small domestic appliance industry / Gabriella Lojacono and Olga Annushkina. 330 $aCompanies are increasingly asking which of their value chain activities are best performed within their own company and which may be outsourced. In addition, they are also considering which pieces of their value chain may be better performed abroad. These interrelated decisions concerning outsourcing and offshoring have not only changed entire industries, they have also transformed the lives of people across the world. Hundreds of millions of jobs in emerging nations have been the direct result of outsourcing and offshoring decisions. At the same time, many people in the developed world have lost their jobs because a company has been able to find a cheaper alternative. Featuring contributions from scholars in eleven different countries, this book was the first to examine the theory and practice of outsourcing and offshoring simultaneously. It includes studies of a variety of different industries, including pharmaceuticals, automobiles, medical records, appliances, human resource management and telecommunications. 517 3 $aGlobal Outsourcing & Offshoring 606 $aContracting out$zDeveloping countries 606 $aUnemployment$zDeveloped countries 615 0$aContracting out 615 0$aUnemployment 676 $a658.4/058 702 $aContractor$b Farok J. 801 0$bUkCbUP 801 1$bUkCbUP 906 $aBOOK 912 $a9910458898103321 996 $aGlobal outsourcing and offshoring$92465926 997 $aUNINA LEADER 03945nam 2200613Ia 450 001 996218390403316 005 20230421044212.0 010 $a1-281-75888-4 010 $a9786611758882 010 $a3-527-61682-9 010 $a3-527-61683-7 035 $a(CKB)1000000000540643 035 $a(EBL)482141 035 $a(SSID)ssj0000230975 035 $a(PQKBManifestationID)11173865 035 $a(PQKBTitleCode)TC0000230975 035 $a(PQKBWorkID)10197380 035 $a(PQKB)10763076 035 $a(MiAaPQ)EBC482141 035 $a(OCoLC)214281974 035 $a(EXLCZ)991000000000540643 100 $a19940418d1993 uy 0 101 0 $aeng 135 $aur|n|---||||| 181 $ctxt 182 $cc 183 $acr 200 10$aQSAR : Hansch analysis and related approaches$b[electronic resource] /$fby Hugo Kubinyi 210 $aWeinheim ;$aNew York $cVCH$dc1993 215 $a1 online resource (254 p.) 225 1 $aMethods and principles in medicinal chemistry ;$vv. 1 300 $aDescription based upon print version of record. 311 $a3-527-30035-X 320 $aIncludes bibliographical references (p. [183]-210) and index. 327 $aQSAR: Hansch Analysis and Related Approaches; Content; 1. Introduction; 1.1. History and Development of QSAR; 1.2. Drug-Receptor Interactions; 2. Biological Data. The Additivity of Group Contributions; 3. Parameters; 3.1. Lipophilicity Parameters; 3.2. The Measurement of Partition Coefficients and Related Lipophilicity Parameters; 3.3. Lipophilicity Contributions and the Calculation of Partition Coefficients; 3.4. Polarizability Parameters; 3.5. Electronic Parameters; 3.6. Steric Parameters; 3.7. Other Parameters; 3.8. Indicator Variables; 4. Quantitative Models 327 $a4.1. The Extrathermodynamic Approach (Hansch Analysis)4.2. The Additivity Model (Free Wilson Analysis); 4.3. The Relationships between Hansch and Free Wilson Analysis (The Mixed Approach); 4.4. Nonlinear Relationships; 4.5. Dissociation and Ionization of Acids and Bases; 4.6. Other QSAR Approaches; 5. Statistical Methods; 5.1. Regression Analysis; 5.2. The Significance and Validity of QSAR Regression Equations; 5.3. Partial Least Squares (PLS) Analysis and Other Multivariate Statistical Methods; 6. Design of Test Series in QSAR; 7. Applications of Hansch Analysis; 7.1. Enzyme Inhibition 327 $a7.2. Other in vitro Data7.3. Pharmacokinetic Data; 7.4. Other Biological Data; 7.5. Activity-Activity Relationships; 8. Applications of Free Wilson Analysis and Related Models; 9. 3D QSAR Approaches; 9.1. Stereochemistry and Drug Action; 9.2. Active Site Interaction Models; 9.3. Comparative Molecular Field Analysis (CoMFA); 9.4. Molecular Similarity QSAR Analyses; 10. Summary and Conclusions; References; Index 330 $aFinding the new remedy for a certain disease: an inspired goal. QSAR, an invaluable tool in drug design, aids scientists to attain this aim.This book is a long-awaited comprehensive text to QSAR and related approaches. It provides a practice-oriented introduction to the theory, methods and analyses for QSAR relationships, including modelling-based and 3D approaches.Hugo Kubinyi is a leading expert in QSAR. Readers will benefit from the author's 20 years of practical experience, from his careful calculations and recalculations of thousands of QSAR equations. Among the topics cov 410 0$aMethods and principles in medicinal chemistry ;$vv. 1. 606 $aQSAR (Biochemistry) 606 $aPharmaceutical chemistry 615 0$aQSAR (Biochemistry) 615 0$aPharmaceutical chemistry. 676 $a572.072 676 $a615 676 $a615.1901 700 $aKubinyi$b Hugo$096070 801 0$bMiAaPQ 801 1$bMiAaPQ 801 2$bMiAaPQ 906 $aBOOK 912 $a996218390403316 996 $aQSAR : Hansch analysis and related approaches$92137944 997 $aUNISA